Quizzes
Events
Quiz Creation
Community
Videos
Private Events
Remove Ads
Sign In
Join for FREE
Feedback
Dark Mode
Quiz Categories
Sports
Geography
Music
Movies
Television
Just For Fun
Miscellaneous
History
Literature
Language
Science
Gaming
Entertainment
Religion
Holiday
For Kids
Quiz Lab
Recent
Popular Today
Quiz Kudos Today
Editor Picks
Curator Picks
Quizzes by...
Day
Popularity
Type
Ratings
Length
Year
Community
Subscriptions
Recent Discussions
Orange Saloon
Badges
Playlists
Quests
Create
Leaderboards
Showdown
Live 5
Trivia Bingo
Activity
Puzzle Library
Sporcle Events
Private Events
Virtual Trivia
Globe League
Become a Host
Pub Owners
SporcleCon
Opinionation
Our Games
Videos
Blog
Mobile Apps
Partnerships
Remove Ads and Go Orange
Feedback
Movies
Disney
Marvel Cinematic Universe
Movie Resume
Movie Titles
Oscar
Actor
Actress
Director
Pixar
Role
Movie Quotes
Movie Characters
Box Office
Nominee
Best Picture
Star Wars
James Bond
Horror Movies
Movies
Disney
Marvel Cinematic Universe
Movie Resume
Movie Titles
Oscar
Actor
Actress
Director
Pixar
Role
Movie Quotes
Movie Characters
Box Office
Nominee
Best Picture
Star Wars
James Bond
Horror Movies
Random Quiz
Search Sporcle
×
Quiz Lab
Quiz Lab
Movies
intro
Type in answers that appear in a list
Type in answers that appear in a list
Classic
Best Score? Go Orange.
LA Confidential Opening Monologue Stats
Can you type the words of the opening monologue in La Confidential
By
Quizzmaster20
10m
300 Questions
187 Plays
187 Plays
187 Plays
Comments
Comments
Give Quiz Kudos
Give Quiz Kudos
-
- Ratings
hide this ad
Replay
Link that replays current quiz
Next Quiz
Link to next quiz in quiz playlist
You Got
0%
They Got
Avg Score
64%
Avg Friend Score
Upgrade to see
Score Distribution
Jump to the score distribution portion of the page
Score
0/300
Timer
10:00
0
Plays Today
% Correct
the
96.3%
the
96.3%
and
96.3%
and
96.3%
the
96.3%
the
96.3%
and
96.3%
and
96.3%
a
96.3%
and
96.3%
a
96.3%
and
96.3%
the
96.3%
the
96.3%
the
96.3%
the
96.3%
and
96.3%
the
96.3%
and
96.3%
the
96.3%
and
96.3%
a
96.3%
a
96.3%
and
96.3%
the
96.3%
and
96.3%
the
96.3%
a
96.3%
the
96.3%
the
96.3%
the
96.3%
the
96.3%
the
96.3%
a
96.3%
and
96.3%
a
96.3%
the
96.3%
the
96.3%
and
96.3%
an
90.4%
to
86.6%
to
86.6%
to
86.6%
to
86.6%
to
86.6%
of
85.6%
of
85.6%
of
85.6%
of
85.6%
of
85.6%
of
85.6%
of
85.6%
on
85%
on
85%
on
85%
on
85%
in
84%
in
84%
in
84%
in
84%
in
84%
in
84%
in
84%
be
82.9%
LA
82.9%
LA
82.9%
be
82.9%
is
82.4%
is
82.4%
Los Angeles
82.4%
Los Angeles
82.4%
is
82.4%
is
82.4%
Los Angeles
82.4%
is
82.4%
is
82.4%
city
79.1%
city
79.1%
or
78.6%
Mickey
78.6%
Cohen
78.6%
it
77.5%
it
77.5%
it
77.5%
it
77.5%
can
77%
can
77%
can
77%
can
77%
hush
77%
hush
77%
star
75.4%
you
74.3%
You
74.3%
police
74.3%
you
74.3%
come
73.8%
see
73.8%
see
73.8%
he
73.8%
% Correct
he
73.8%
movie
73.3%
very
73.3%
as
72.7%
as
72.7%
as
72.7%
for
72.2%
for
72.2%
for
72.2%
Al
71.1%
are
70.1%
are
70.1%
but
69.5%
but
69.5%
but
69.5%
QT
68.4%
what
67.9%
what
67.9%
his
66.8%
his
66.8%
his
66.8%
his
66.8%
his
66.8%
Mickey C
65.8%
Mickey C
65.8%
eye
65.2%
there
65.2%
one
65.2%
they
65.2%
they
65.2%
one
65.2%
eye
65.2%
sun
64.2%
all
64.2%
all
64.2%
Hollywood
64.2%
all
64.2%
this
63.6%
this
63.6%
crime
63.6%
crime
63.6%
this
63.6%
orange
63.1%
far
62.6%
not
62.6%
off
62.6%
could
62%
at
62%
ya
61.5%
groves
61%
beaches
60.4%
stretch
60.4%
man
60.4%
best
60.4%
every
59.9%
every
59.9%
every
59.9%
world
59.9%
shines
59.4%
force
59.4%
because
58.3%
because
58.3%
work
58.3%
record
57.8%
land
57.2%
become
57.2%
name
57.2%
people
57.2%
with
57.2%
with
57.2%
least
56.7%
organized
56.7%
organized
56.7%
who
56.1%
discovered
56.1%
too
56.1%
Capone
55.8%
good
55.6%
bright
55.1%
have
55.1%
family
55.1%
have
55.1%
how
54.5%
readers
54.5%
it's
54%
it's
54%
its
54%
here
54%
dear
53.5%
cheap
52.9%
house
52.9%
house
52.9%
paradise
52.9%
paradise
52.9%
inviting
52.4%
that's
52.4%
Meyer
51.9%
dope
51.9%
jobs
50.8%
even
50.8%
% Correct
image
50.8%
badge
50.8%
honor
50.8%
trouble
50.8%
does
50.8%
image
50.8%
Harris
50.8%
American
50.3%
tell
50.3%
there's
50.3%
rackets
50.3%
aplenty
49.7%
they're
49.7%
they're
49.7%
cops
49.7%
fans
49.7%
Johnny
49.7%
black
49.7%
worked
49.7%
Mickster
49.7%
well
49.7%
bodyguard
49.2%
wide
48.7%
own
48.7%
first
48.7%
life
48.1%
style
48.1%
time
48.1%
original
48.1%
time
48.1%
earth
47.6%
selling
47.6%
selling
47.6%
head
47.6%
year
47.6%
has
47.6%
has
47.6%
runs
47.1%
prostitution
47.1%
kills
47.1%
little
47.1%
heard
47.1%
knows
46.5%
dapper
46.5%
anyway
46%
number
46%
nothing
46%
Stompanato
46%
dozen
45.5%
gent
45.5%
was
44.9%
television
44.4%
exist
44.4%
remember
44.4%
show
43.9%
inside
43.3%
place
43.3%
movies
42.8%
hit
42.8%
water
42.2%
only
42.2%
someone
42.2%
walk
41.7%
before
41.7%
working
40.6%
through
40.6%
think
40.6%
keep
40.1%
clean
40.1%
these
40.1%
'cause
40.1%
hey
40.1%
vacuum
40.1%
radio
39.6%
garden
39.6%
degree
39.6%
would
39.6%
eden
39%
up
39%
matter
39%
nth
38.5%
front
38%
page
38%
done
38%
something
37.4%
fill
37.4%
parts
36.9%
created
36.9%
balls
36.9%
brass
36.9%
you'd
36.4%
yep
35.3%
tries
35.3%
local
34.8%
color
34.2%
plastered
34.2%
sending
34.2%
happy
33.2%
picture's
32.6%
crooks
29.4%
Quiz Playlist
Details
Report
Send in Message
Add To Playlist
Classic:
Type in answers that appear in a list
Last Updated: Nov 3, 2018
Quiz Scoreboard
CHALLENGE
Sign Up to Join the Scoreboard
Show All
Scores
Hide
Comments
May contain spoilers
Recently Published
Movies - When Are They Set?
by FPL_Elf
Movies
5m
Popular People in 1961
by mucciniale
History
6m
1-10 Letter E Words III
by El_Dandy
Language
2m
More to Explore
Quiz From the Vault
Featured Blog Post
Where Did the Easter Bunny Come From?
hide this ad
You Might Also Like...
Tags
intro
Today's Top Quizzes in Movies
Browse Movies
hide this ad
Today's Top Quizzes in intro
Browse intro
Top Contributed Quizzes in Movies
1
Multi-Oscar Nominations, One Movie, One Winner
2
12 Movies about Fictional 1960s Events
3
One Thing in Common: Movies
4
One Thing in Common: Movies II
5
Sunday Crossword: Film Score Composers
6
Three Word 'T' Movies Match Up
7
Three Word 'H' Movies Match Up
8
Three Word 'M' Movies Match Up
9
One Thing in Common: Oscars
10
Three Word 'P' Movies Match Up
Explore More
Trending Topics
Crossword
Disney
Kpop
NBA
Harry Potter
Anime
Marvel
NFL
The Office
Puzzle
Song
Soccer
Country
WWE
Pokémon
hide this ad
More By:
Quizzmaster20
Quiz
Plays
Rating
Category
Featured
Created
Brianstorm Lyrics
1,312
5.00
Music
Oct 27, 2014
Lyrics to 'One Jump Ahead'
843
5.00
Movies
Oct 9, 2014
Lyrics to Innuendo by Queen
394
4.75
Music
Jan 6, 2015
Lyrics to Synchronicity II
193
4.00
Music
Jan 14, 2015
LA Confidential Opening Monologue
187
4.67
Movies
Oct 7, 2014
Go to Creator's Profile
Score Distribution
Quiz Creator Spotlight
Quizzmaster20
Follow
Send a Message
Quizzes Created
-
Created Quiz Play Count
-
More By This Creator
Popular Quizzes Today
1
Find the US States - No Outlines Minefield
2
Find the Countries of Europe - No Outlines Minefield
3
The Countries of the World
4
Popular People in 1961
5
1-10 Letter E Words III
6
US States
7
Find the US States
8
One Thing in Common: World Cities II
More Movies Quizzes
Toy Story Jokes
Quiz Lab
Trending Quizzes
Risky Map Clicking: Least Populous States A-Z
1-10 Letter F Words
Humor Books: The Subtitles
1-10 Letter G Words
One Thing in Common: United Kingdom
Recently Updated
Leaping Animals
pecheneg
Reality TV Shows (A-Z)
bhenderson79
Rickey Henderson's Hall of Fame Teammates
pecheneg
Champions League XIs: Arsenal
pecheneg
Quick Pick: Celebrities in WWE's Hall of Fame
aduchscher
A-Z Keypad Blitz II
pecheneg
Multiple Oscar Actors
pecheneg
Mystery Phrase Blitz: Oscar 'Best Actors'
pecheneg
F. Scott Fitzgerald Novels
LTH
Pick 3 Villains
ddd62291
Trending Topics
NBA
Anime
Crossword
Disney
Marvel
Kpop
Harry Potter
Country
NFL
The Office
Puzzle
Soccer
Pokémon
Song
WWE
Your Account Isn't Verified!
In order to create a playlist on Sporcle, you need to verify the email address you used during registration. Go to your
Sporcle Settings
to finish the process.
Report this User
Report this user for behavior that violates our
Community Guidelines
.
Details:
Send Report
Go to the Sporcle.com Mobile Site →
Comments